00418 2200169 4500001002100000005001500021008004100036035001900077041000700096082000800103090001400111100001400125245002200139260004000161300002000201650002700221INLIS00000000001865920241224115539241224||||||||| | ||| |||| || |  0010-1224018659 aid0 a813 a813 DAR m0 aDaryanto.00aMENJEBAK PENCULIK aSurakartabWidya Duta Grafikac2000 a53hlm;14.6x21cm 0akesusastraan Indonesia